| 000 | 00880nam a2200253 a 4500 | ||
|---|---|---|---|
| 001 | BRL_1119 | ||
| 005 | 20190320211037.0 | ||
| 008 | 131113s1988----mx-ao#####---#000-0#spa-# | ||
| 020 | _a9686029036 | ||
| 041 | _aspa | ||
| 044 | _amx | ||
| 050 | 4 |
_aS683 _b.S77 1988 |
|
| 100 | 1 |
_aStresser-Pean, Guy _925842 |
|
| 245 | 1 | 0 |
_aEl arado criollo _ben México y América Central _cGuy Stresser-Pean. |
| 260 |
_aMéxico, D.F. _bCentre D´Etudes Mexicaines et Centramericaines : Institut Francais D´Amerique Latine : Institut Francais de la Recherche Scientifique pour le Developpment et al Cooperation _c1988 |
||
| 300 |
_a105 p. _bil. _c21 cm. |
||
| 500 | _aIncluye fe de erratas | ||
| 500 | _aAu1285 | ||
| 504 | _aBibliografía: p. 99-102 | ||
| 650 | 1 | 4 |
_aArados _xHistoria _zMéxico _925843 |
| 650 | 1 | 4 |
_aArados _xHistoria _zAmérica Central _925844 |
| 902 | _aGRL | ||
| 942 |
_2lcc _cB |
||
| 999 |
_c9931 _d9931 |
||